000
00274nam a2200109Ia 4500
008
200302s9999 xx 000 0 und d
100
_a
John Kirkby, & Other
245
_a
Sustainable Development
260
_b
EarthScan Publications Ltd.
260
_c
1999
300
_a
371 P.,
999
_c
5598
_d
5598